000 nam a22 7a 4500
999 _c9524
_d9524
008 180201b ||||| |||| 00| 0 eng d
100 _aBrainwaves R&D Team
_95702
245 _aVisual Basic : Interactive step by Step
260 _aNew Delhi
_bRachna Publication
_c2007